000
00296nam a2200109 4500
999
_c
13177
_d
13177
008
190211b ||||| |||| 00| 0 eng d
245
_a
Mindanao railway gets Neda board nod.
260
_a
Davao City
_b
Sun Star Davao
_c
c2017
300
_a
page B2.
650
0
_9
36858
_a
Railroads.
942
_2
ddc
_c
PER